000 00335nam a2200133Ia 4500
008 191201s2007 xx 000 0 und d
100 _aPATIL, B.R.
245 0 _aCollective Bargaining : Perspectives and Practices
250 _aRep
260 _aHyderabad
_bUniversity Press
_c2007
300 _a539
650 _aMBA
942 _2ddc
_cBK
999 _c4679
_d4679